|
|
|
|
| LEADER |
01153nam a22003857a 4500 |
| 001 |
30558 |
| 003 |
BD-DhAAL |
| 005 |
20151122150637.0 |
| 008 |
150906s2005 bg a|||| |||| 00| 0 eng d |
| 040 |
|
|
|a BD-DhAAL
|c BD-DhAAL
|
| 082 |
|
|
|2 22
|a 307.1412095492
|
| 999 |
|
|
|c 36280
|d 36280
|
| 999 |
|
|
|c 35476
|
| 999 |
|
|
|c 35476
|
| 999 |
|
|
|c 35475
|
| 999 |
|
|
|c 35463
|
| 999 |
|
|
|c 35462
|
| 999 |
|
|
|c 35458
|
| 999 |
|
|
|c 35456
|
| 999 |
|
|
|c 35454
|
| 999 |
|
|
|c 35454
|
| 999 |
|
|
|c 35451
|
| 999 |
|
|
|c 35435
|
| 999 |
|
|
|c 35434
|
| 999 |
|
|
|c 35433
|
| 245 |
|
|
|a Road safety public awareness campaign on Dhaka-Sylhet highway :
|b a GO-NGO collaboration
|
| 260 |
|
|
|a Dhaka :
|b Roads and Highways Department (RHD) and BRAC,
|c 2005
|
| 300 |
|
|
|a 24 p. :
|b ill. ;
|c 28 cm.
|
| 541 |
|
|
|e 30558
|
| 610 |
|
|
|a BRAC
|9 14405
|
| 650 |
|
|
|a Rural Development
|z Bangladesh
|9 14406
|
| 710 |
|
|
|a BRAC
|9 14405
|
| 852 |
|
|
|a Ayesha Abed Library
|c BRAC Resource Section
|
| 942 |
|
|
|2 ddc
|c BK
|
| 952 |
|
|
|0 0
|1 0
|2 ddc
|4 0
|6 307_141209549200000_ROA
|7 0
|9 57029
|a BRACUL
|b BRACUL
|c BRS
|d 2015-11-22
|e BRAC
|l 1
|m 13
|o 307.1412095492 ROA
|p 3010030558
|r 2019-08-21
|s 2019-05-29
|t 1
|w 2015-11-22
|y BK
|